| 000 | 01662nam a2200493 i 4500 | ||
|---|---|---|---|
| 001 | 19908 | ||
| 003 | KOSZ 005 | ||
| 005 | 20200129120142.0 | ||
| 008 | 000114s1981 pl a f |001 0 pol | ||
| 015 | _aPB 1981/4148 | ||
| 020 | _a8301004657 | ||
| 035 | _a991012575809705066 | ||
| 035 | _a(PL-WaBN)b13401907-48omnis_nlop | ||
| 035 | _ab13401907 | ||
| 035 | _a(OCoLC)830197677 | ||
| 035 | _a(PL)b0000001340190 | ||
| 035 | _a(EXLNZ-48OMNIS_NETWORK)9910425725805606 | ||
| 040 |
_aWA N _cWA N _dKOSZ 005/HR |
||
| 041 | 0 | _apol | |
| 046 | _k1981 | ||
| 080 | _a621.382 | ||
| 080 | _a621.791/.795 | ||
| 080 | _a620.197 | ||
| 100 | 1 |
_aIgnatowicz, Stanisław Andrzej _d(1933-1993) _eAutor |
|
| 245 | 1 | 0 |
_aCienkie warstwy związków półprzewodnikowych A²I²IB²V²I / _cS. A. Ignatowicz, A. Kobendza. |
| 260 |
_aWarszawa : _bPaństwowe Wydawnictwo Naukowe, _c1981. |
||
| 300 |
_a411, [1] s., [6] k. tabl. : _bil. (w tym 2 kolor.), tab., wykr., err. ; _c21 cm. |
||
| 336 |
_2rdacontent _aTekst _btxt |
||
| 337 |
_2rdamedia _aBez urządzenia pośredniczącego _bn |
||
| 338 |
_2rdacarrier _aWolumin _bnc |
||
| 380 | _aKsiążki | ||
| 380 | _aPublikacje naukowe | ||
| 388 | _a1901-2000 | ||
| 388 | _a1945-1989 | ||
| 504 | _aBibliogr. s. 362-402. - Indeksy. | ||
| 650 | 7 |
_aPółprzewodniki _2DBN |
|
| 650 | 7 | _aCienkie warstwy (technika) | |
| 650 | 7 | _aInżynieria powierzchni | |
| 658 | _aInżynieria i technika | ||
| 700 | 1 |
_aKobendza, Andrzej _eAutor |
|
| 856 |
_uhttp://koha.tu.koszalin.pl/cgi-bin/koha/opac-detail.pl?biblionumber=19908 _yKatalog online BPK |
||
| 942 |
_2UKD _cKS |
||
| 999 |
_c19908 _d19908 |
||